|
|
|
|
| LEADER |
00965nam a2200253 a 4500 |
| 001 |
3434332 |
| 008 |
091124s1996 nyua b 001 0 eng d |
| 010 |
|
|
|a 91040706
|
| 020 |
|
|
|a 0070612560
|
| 020 |
|
|
|a 0078443261
|
| 040 |
|
|
|a DLC
|c DLC
|d DLC
|
| 082 |
0 |
0 |
|a 658.1/5
|2 20
|
| 100 |
1 |
|
|a Steiner, Henry Malcolm.
|
| 245 |
1 |
0 |
|a Engineering economic principles /
|c Henry Malcolm Steiner.
|
| 250 |
|
|
|a 2nd. ed.
|
| 260 |
|
|
|a New York :
|b McGraw-Hill,
|c c1996.
|
| 300 |
|
|
|a xvi, 520 p. :
|b ill. ;
|c 25 cm.
|
| 504 |
|
|
|a Includes bibliographical references and index.
|
| 541 |
1 |
|
|e 00012731
|
| 650 |
|
0 |
|a Engineering economy.
|
| 700 |
1 |
|
|a Steiner, Henry Malcolm.
|t Basic engineering economy.
|
| 852 |
4 |
|
|a Ayesha Abed Library
|j General Shelf
|
| 999 |
|
|
|c 5902
|d 5902
|
| 952 |
|
|
|0 0
|1 0
|2 ddc
|4 0
|6 658_150000000000000_STE
|7 0
|9 5889
|a BRACUL
|b BRACUL
|c GEN
|d 2009-12-06
|g 0.00
|l 1
|m 12
|o 658.15 STE
|p 3010012731
|r 2016-09-05
|s 2016-06-12
|t 1
|w 2009-12-06
|y BK
|x No price found in the accession register.
|